000 00432nam a2200157 i 4500
001 81307
003 ES-MaACL
005 20230906174419.0
007 t|
008 041104s1960 sp ||||1| spa d
100 1 _aHuerta Huerta, Mario.
_964564
245 1 0 _aServicios médicos de empresa /
_cMario Huerta Huerta.
260 _aBarcelona :
_bAnabasis,
_c1960.
300 _a63 p. ;
_c22 cm.
852 _aES-MaACL
_jC-20347
_bR.47816
999 _c81307
_d81307